Football Ballon d'Or Winners Suden Death - Statistics

General Stats
  • This quiz has been taken 64 times
  • The average score is 13 of 16
Answers on the Grid
Answers color-coded by a green-red scale on the quiz's grid according to % correct below.
Cristiano Ronaldo
Francesco Totti
Franck Ribery
Franz Beckenbauer
Gareth Bale
George Weah
Gerd Müller
Hristo Stoichkov
Johan Cruyff
Kaká
Karim Benzema
Kevin Keegan
Lionel Messi
Luka Modrić
Matthias Sammer
Mohamed Salah
Neymar Jr
Oleg Blokhin
Ousmane Dembélé
Robert Lewandowski
Rodri
Stanley Matthews
Steven Gerrard
Virgil van Dijk
Zlatan Ibrahimovic
 
Answer Stats
Answer % Correct
Cristiano Ronaldo
100%
Lionel Messi
91%
Kaká
88%
Ousmane Dembélé
85%
Luka Modrić
82%
Franz Beckenbauer
79%
Karim Benzema
79%
Rodri
79%
George Weah
74%
Gerd Müller
74%
Johan Cruyff
74%
Stanley Matthews
74%
Hristo Stoichkov
71%
Kevin Keegan
71%
Matthias Sammer
71%
Oleg Blokhin
71%
No matching quizzes found
Score Distribution
Percent of People with Each Score
Percentile by Number Answered
Your Score History
You have not taken this quiz